JetPunk will be down very briefly at 3:00PM EST (12:00PM PST, 8:00PM GST)

Statistics for 44 Biggest Cities in the Middle East

Click here to take the quiz!

General Stats

  • This quiz has been taken 171 times
  • The average score is 28 of 44

Answer Stats

PopulationCity% Correct
15.3 milTehran
99%
21.0 milCairo
97%
2.70 milTel Aviv
95%
7.00 milBaghdad
95%
5.80 milAlexandria
95%
5.35 milDubai
95%
16.0 milIstanbul
93%
3.82 milDamascus
93%
8.05 milRiyadh
92%
5.05 milAnkara
92%
2.42 milDoha
91%
4.75 milKuwait City
90%
1.50 milAbu Dhabi
89%
5.60 milAmman
88%
1.75 milBeirut
88%
2.80 milSana'a
88%
2.12 milMecca
87%
1.43 milMuscat
81%
3.95 milJeddah
80%
1.54 milMedina
79%
1.91 milAleppo
79%
1.53 milManama
76%
3.02 milIzmir
76%
1.40 milMosul
67%
3.30 milIsfahan
61%
1.30 milAntalya
60%
1.52 milBasra
59%
3.20 milMashhad
55%
2.07 milBursa
48%
1.77 milShiraz
43%
2.50 milDammam
40%
1.09 milErbil
38%
1.82 milTabriz
33%
1.74 milAdana
33%
1.96 milGaza
32%
1.29 milQom
30%
1.67 milGaziantep
29%
1.30 milKonya
25%
1.03 milKirkuk
22%
1.00 milMersin
13%
1.38 milAhvaz
11%
1.04 milDiyarbakir
11%
1.09 milKayseri
7%
1.02 milKermanshah
5%

Score Distribution

Percentile by Number Answered

Percent of People with Each Score

Your Score History

You have not taken this quiz